| 000 | 00607nam a2200193 a 4500 | ||
|---|---|---|---|
| 005 | 20210219152909.0 | ||
| 008 | 991125n 000 0 spa u | ||
| 035 | _aUPN01000066137 | ||
| 100 | 1 | _aMartínez Auñón, María Luz | |
| 222 |
_aEDUCACION Y BIBLIOTECA : _bREVISTA MENSUAL DE DOCUMENTACION Y RECURSOS DIDACTICOS |
||
| 245 | _aLas bibliotecas escolares de la comunidad Valenciana en 1991 | ||
| 300 | _a6-7 | ||
| 362 | 0 | _a1991 Año 3, no. 16, abr. | |
| 653 | 0 | _aBIBLIOTECAS ESCOLARES | |
| 653 | 0 | _aEDUCACION BASICA | |
| 653 | 0 | _aVALENCIA, ESPAÑA | |
| 904 |
_aAC _b003948 |
||
| 905 | _aArticulo | ||
| 999 |
_c63324 _d63324 |
||